| 000 | 00596cam a22002171 4500 | ||
|---|---|---|---|
| 001 | sa 65001010 | ||
| 003 | DLC | ||
| 005 | 20260227112107.0 | ||
| 008 | 890913s1964 io 000 0 btk | ||
| 010 | _asa 65001010 | ||
| 035 | _a(OCoLC)23575645 | ||
| 040 |
_aDLC _cMiU _dOCoLC _dDLC |
||
| 042 | _apremarc | ||
| 050 | 0 | 0 |
_aDS632.B3 _bT3 |
| 100 | 1 | _aTampubolon, Radja Patik. | |
| 245 | 1 | 0 | _aPustaha tumbaga holing, adat Batak--patik/uhum. |
| 260 |
_aPematang Siantar _a[Medan, _ccover 1964] |
||
| 300 |
_a482 l. _billus. _c33 cm. |
||
| 500 | _aIn Batak. | ||
| 650 | 0 | _aBatak (Indonesian people) | |
| 999 |
_c61870 _d61870 |
||